000 00435nam a2200181Ia 4500
008 210210b2011 xxu||||| |||| 00| 0 eng d
020 _a9788126144174
041 _aeng
082 _a070.43 SINN
100 _aSINGH (Bhanu Pratap)
245 _aNews writing
260 _aNew Delhi
_bAnmol Publications Pvt. Ltd.
_c2011
300 _aviii,320
650 _awriting
650 _aNews
690 _aJournalism
906 _a065844
999 _c147112
_d147112